Comparison of Accuracy in the Determination of Optical Vortex Coordinates by Different Methods; Optoelectronics, Instrumentation and Data Processing; Vol. 56, iss. 3

Dettagli Bibliografici
Parent link:Optoelectronics, Instrumentation and Data Processing
Vol. 56, iss. 3.— 2020.— [P. 221-227]
Ente Autore: Национальный исследовательский Томский политехнический университет Инженерная школа энергетики Отделение электроэнергетики и электротехники
Altri autori: Kanev F. Yu. Fedor Yurievich, Aksenov V. P. Valery Petrovich, Makenova N. A. Nailya Altynkhanovna, Veretekhin I. D. Igor Dmitrievich
Riassunto:Title screen
Two algorithms for the determination of optical vortex coordinates are considered. In the first one, the vortex is found by branching of interference pattern fringes; in the second one, as a result of processing of the wavefront gradient distribution. It is shown that both algorithms allow one to record the coordinates with a high accuracy; in addition, it is possible to determine shifts of singular points appearing as a result of radiation diffraction.
Режим доступа: по договору с организацией-держателем ресурса
Lingua:inglese
Pubblicazione: 2020
Soggetti:
Accesso online:https://doi.org/10.3103/S8756699020030061
Natura: Elettronico Capitolo di libro
KOHA link:https://koha.lib.tpu.ru/cgi-bin/koha/opac-detail.pl?biblionumber=663338

MARC

LEADER 00000naa0a2200000 4500
001 663338
005 20250429132041.0
035 |a (RuTPU)RU\TPU\network\34507 
035 |a RU\TPU\network\24494 
090 |a 663338 
100 |a 20210208d2020 k||y0rusy50 ba 
101 0 |a eng 
102 |a US 
135 |a drcn ---uucaa 
181 0 |a i  
182 0 |a b 
200 1 |a Comparison of Accuracy in the Determination of Optical Vortex Coordinates by Different Methods  |d Сравнение точности определения координат оптических вихрей различными методами  |f F. Yu. Kanev, V. P. Aksenov, N. A. Makenova, I. D. Veretekhin 
203 |a Text  |c electronic 
300 |a Title screen 
320 |a [References: 17 tit.] 
330 |a Two algorithms for the determination of optical vortex coordinates are considered. In the first one, the vortex is found by branching of interference pattern fringes; in the second one, as a result of processing of the wavefront gradient distribution. It is shown that both algorithms allow one to record the coordinates with a high accuracy; in addition, it is possible to determine shifts of singular points appearing as a result of radiation diffraction. 
333 |a Режим доступа: по договору с организацией-держателем ресурса 
461 |t Optoelectronics, Instrumentation and Data Processing 
463 |t Vol. 56, iss. 3  |v [P. 221-227]  |d 2020 
510 1 |a Сравнение точности определения координат оптических вихрей различными методами  |z rus 
610 1 |a электронный ресурс 
610 1 |a труды учёных ТПУ 
610 1 |a optical vortices 
610 1 |a points of interference fringe branching 
610 1 |a local slopes 
610 1 |a Shack-Hartmann sensor 
701 1 |a Kanev  |b F. Yu.  |c specialist in electrical engineering  |c Associate Professor of Tomsk Polytechnic University, Doctor of physical and mathematical sciences  |f 1960-  |g Fedor Yurievich  |3 (RuTPU)RU\TPU\pers\33711  |9 17342 
701 1 |a Aksenov  |b V. P.  |g Valery Petrovich 
701 1 |a Makenova  |b N. A.  |c physicist  |c Associate Professor of Tomsk Polytechnic University, Candidate of physical and mathematical sciences  |f 1974-  |g Nailya Altynkhanovna  |3 (RuTPU)RU\TPU\pers\33712  |9 17343 
701 1 |a Veretekhin  |b I. D.  |g Igor Dmitrievich 
712 0 2 |a Национальный исследовательский Томский политехнический университет  |b Инженерная школа энергетики  |b Отделение электроэнергетики и электротехники  |3 (RuTPU)RU\TPU\col\23505 
801 2 |a RU  |b 63413507  |c 20210208  |g RCR 
850 |a 63413507 
856 4 |u https://doi.org/10.3103/S8756699020030061 
942 |c CF